Electronic and comunication simplified (Record no. 188279)
[ view plain ]
| 000 -LEADER | |
|---|---|
| fixed length control field | 01691 a2200169 4500 |
| 003 - CONTROL NUMBER IDENTIFIER | |
| control field | Nust |
| 005 - DATE AND TIME OF LATEST TRANSACTION | |
| control field | 20170207153538.0 |
| 040 ## - CATALOGING SOURCE | |
| Transcribing agency | Nust |
| 082 ## - DEWEY DECIMAL CLASSIFICATION NUMBER | |
| Classification number | 621.38 |
| 100 ## - MAIN ENTRY--PERSONAL NAME | |
| Personal name | Miani,A.K |
| 245 ## - TITLE STATEMENT | |
| Title | Electronic and comunication simplified |
| Statement of responsibility, etc. | A.K Maini |
| 260 ## - PUBLICATION, DISTRIBUTION, ETC. | |
| Place of publication, distribution, etc. | New dehli |
| Name of publisher, distributor, etc. | Khanna Publishers |
| Date of publication, distribution, etc. | 1995 |
| 300 ## - PHYSICAL DESCRIPTION | |
| Extent | 1008p |
| 505 ## - FORMATTED CONTENTS NOTE | |
| Formatted contents note | Resistance and Resistors (Page 1-20) Capacitance and Capacitors (Page 21-34) Coils and Transforms (Page 35-56) Electromechanical and Hardware Electronic Components (Page 57-76) Circuit Analysis (Page 77-150) Diodes and Transistors (Page 151-172) Fields Effect Transistors (Page 173-186) UJTs and Thyristors (Page 187-204) Optoelectronic Devices (Page 205-222) Amplifiers (Page 223-266) Oscillators (Page 267-280) Linear Power Supplies (Page 281-292) Switched Mode Power Supplies (Page 293-312) Waveshaping Circuits (Page 313-332) Operational Amplifiers (Page 333-372) IC Timers (Page 373-392) Phase Locked Loops (Page 393-404) Voltage Regulators (Page 405-420) Number Systems and Codes (Page 421-452) Binary Arithmetic (Page 453-470) Logic Gates (Page 471-488) Boolean Algebra (Page 489-498) Flip Flops (Page 499-512) D/A and A/D Converters (Page 535-548) Computer Hardware Fundamentals (Page 549-594) Frequency and Frequency Standards (Page 595-600) Communication Techniques (Page 601-622)Transmission Lines and Waveguides (Page 661-682) Radar Fundamentals (Page 683-700) Satellite Communication (Page 735-748) Electrical Instruments and Measurements (Page 749-770) Electronic Measurements Analog and Digital (Page 771-794) Transducers (Page 795-822) Feedback and Control Systems (Page 823-885). |
| 538 ## - SYSTEM DETAILS NOTE | |
| System details note | Almirah No.32 Shelf No 3 |
| 650 ## - SUBJECT ADDED ENTRY--TOPICAL TERM | |
| Topical term or geographic name entry element | Electronics |
| 942 ## - ADDED ENTRY ELEMENTS (KOHA) | |
| Source of classification or shelving scheme | |
| Koha item type | Book |
| Withdrawn status | Lost status | Source of classification or shelving scheme | Damaged status | Not for loan | Collection code | Permanent Location | Current Location | Date acquired | Total Checkouts | Full call number | Barcode | Date last seen | Price effective from | Koha item type |
|---|---|---|---|---|---|---|---|---|---|---|---|---|---|---|
| Military College of Signals (MCS) | Military College of Signals (MCS) | 12/12/2016 | 621.38 MAI | MCS874 | 12/08/2016 | 12/12/2016 | Book |
